000 02422cam a2200421 a 4500
001 15100837
003 OSt
005 20140310181914.0
008 071203s2008 nyu 000 0 eng
010 _a 2007048755
020 _a9780061568145
020 _a0061568147
035 _a(OCoLC)ocn182779477
035 _a(OCoLC)182779477
040 _aDLC
_cDLC
_dYDX
_dBAKER
_dYDXCP
_dOCO
_dDLC
050 0 0 _aHB 615
_b.G467 2008
082 0 0 _aTR 658.11
_bG31 2008
100 1 _aGerber, Michael E.
_9480
245 1 0 _aAwakening the entrepreneur within :
_bhow ordinary people can create extraordinary companies /
_cMichael E. Gerber.
250 _a1st ed.
260 _aNew York, NY :
_bCollins,
_cc2008.
300 _a268 p. :
_c24 cm. ;
505 0 _aA conversation with my mother leads to the dreaming room -- The five essential truths of the entrepreneur -- The four dimensions of the entrepreneurial personality -- The awakening -- The realization -- The reaction -- The personal dream -- The impersonal dream -- The sudden shock -- The dream is born -- Taking the dream apart -- Taking the dream apart again -- The vision begins to take form -- The vision continues to take form -- Coming to grips with the business model -- Purpose : some stories to capture your imagination -- Pursuing your story -- And the story grows from within -- The leader -- The leader goes to work -- The wisdom of process -- Beginning the strategy, beginning the plan -- The mission is underway -- The mission reveals itself -- We suddenly understand -- The mission is being realized -- The revelation of the golden pyramid -- Epilogue : all systems go!
521 _aFaculty.
541 _j1
562 _e1
650 0 _aEntrepreneurship.
_9445
650 0 _aBusinesspeople.
_9481
650 0 _aCreative ability in business.
_9482
650 0 _aLeadership.
_9483
650 0 _aSuccess in business.
_9442
856 4 1 _3Table of contents only
_uhttp://www.loc.gov/catdir/toc/ecip085/2007048755.html
856 4 2 _3Contributor biographical information
_uhttp://www.loc.gov/catdir/enhancements/fy0911/2007048755-b.html
856 4 2 _3Publisher description
_uhttp://www.loc.gov/catdir/enhancements/fy0911/2007048755-d.html
906 _a7
_bcbc
_corignew
_d1
_eecip
_f20
_gy-gencatlg
942 _2lcc
_cP
_kTR
999 _c6674
_d6674